[Event "9th Asian Continental"]
[Site "Olongapo City PHI"]
[Date "2010.04.27"]
[Round "7"]
[White "Garcia,Jan"]
[Black "Barbosa,O PHI"]
[Result "1-0"]
[WhiteElo "2315"]
[BlackElo "2452"]

1.c4 c6 2.Nc3 d5 3.cxd5 cxd5 4.d4 Nf6 5.Nf3 Nc6 6.Bf4 Ne4 7.e3 Nxc3 8.bxc3 g6
9.Ne5 Bd7 10.Qb3 Nxe5 11.Bxe5 f6 12.Bg3 Bc6 13.Bb5 Qd7 14.Rb1 Bxb5 15.Qxb5 b6
16.a4 Rc8 17.Kd2 Rc6 18.a5 Bh6 19.axb6 axb6 20.Qa4 Qb7 21.c4 O-O 22.cxd5 Rcc8
23.Qb3 Kh8 24.Rhc1 Bg7 25.Qb5 f5 26.Rxc8 Rxc8 27.Rc1 Rf8 28.Bf4 Bf6 29.Rc6 Qa8
30.Rxb6 Qa2+ 31.Ke1 Qa1+ 32.Ke2 Qa2+ 33.Kf1 Qa1+ 34.Qb1 Qa4 35.Kg1 g5 36.Be5 Bxe5
37.dxe5 f4 38.Rh6 Rf7 39.e6 Rg7 40.Qb8+ Rg8 41.Qb1 Rg7 42.Rh3 g4 43.Rh5 fxe3
44.fxe3 Qa7 45.Kf2 Qc7 46.Rf5 g3+ 47.Kf3 Kg8 48.Qb5 Qd8 49.hxg3 h6 50.g4 Qa8
51.Kg3 Qd8 52.Kh3 Qc8 53.Rf3 Qa8 54.Rf1 Rg6 55.Rf7 Qd8 56.Qc5 Rg7 57.d6  1-0

[Event "9th Asian Continental"]
[Site "Olongapo City PHI"]
[Date "2010.04.27"]
[Round "7"]
[White "Dimakiling,O"]
[Black "Florendo,P"]
[Result "1-0"]
[WhiteElo "2441"]
[BlackElo "2262"]

1.c4 c6 2.Nf3 d5 3.g3 Nf6 4.Bg2 Bf5 5.O-O e6 6.cxd5 exd5 7.d3 Be7 8.Be3 O-O
9.Qb3 Qc8 10.Nbd2 Na6 11.Rac1 Re8 12.Bd4 h6 13.Rfe1 Nc7 14.Be5 Ne6 15.e4 dxe4
16.dxe4 Bg4 17.Nc4 Nc5 18.Qc2 Rd8 19.Nd4 Ne8 20.Ne3 Bd7 21.Ndf5 Bf8 22.Bxg7 Nxg7
23.Nxh6+ Kh7 24.Nxf7 Be6 25.e5+ Kg8 26.Ng5 Be7 27.Qh7+ Kf8 28.Qh8+ Bg8 29.Bh3 Qc7
30.Nh7+ Kf7 31.Rxc5 Kg6 32.Nf6 Bxc5 33.Bf5+ Kf7 34.e6+ Nxe6 35.Bxe6+ Kxe6
36.Ned5+ Kd6 37.Nxc7 Kxc7  1-0

[Event "Heroes Day Cup Masters"]
[Site "Bridgetown BAR"]
[Date "2010.04.28"]
[Round "2"]
[White "Farley,T"]
[Black "Warner,De"]
[Result "1/2-1/2"]
[WhiteElo "2207"]
[BlackElo "2216"]

1.c4 c6 2.e4 d5 3.exd5 cxd5 4.d4 Nf6 5.Nc3 e6 6.Nf3 Bb4 7.cxd5 Nxd5 8.Qc2 Nc6
9.Bd3 Nf6 10.O-O O-O 11.Rd1 Be7 12.Qe2 Nb4 13.Bb1 b6 14.Ne5 Bb7 15.Bg5 Nbd5
16.Bd3 h6 17.Bd2 Nxc3 18.bxc3 Qd5 19.Nf3 Rfd8 20.Rdb1 Qh5 21.Ne5 Qxe2 22.Bxe2 Ne4
23.Be1 Rac8 24.Bf3 Nd6 25.Be2 Be4 26.Rb2 f6 27.Nf3 Bd5 28.a4 Nc4 29.Rb5 Nd6
30.Rbb1 Bc4 31.Kf1 Ne4 32.Bxc4 Rxc4 33.Nd2 Nxd2+ 34.Bxd2 Rd5 35.Rb5 Bd8 36.Ke2 a6
37.Rxd5 exd5 38.Kd3 Kf7 39.Kc2 Bc7 40.Kb3 Rc6 41.Kc2 Re6 42.Kd3 Rc6 43.Rc1 Rc4
44.Ra1 f5 45.h4 Kg6 46.Re1 Kf7 47.Ra1  1/2-1/2

[Event "9th Asian Continental"]
[Site "Olongapo City PHI"]
[Date "2010.04.28"]
[Round "8"]
[White "Lou Yiping"]
[Black "Al Sayed,Mohamad"]
[Result "0-1"]
[WhiteElo "2429"]
[BlackElo "2503"]

1.c4 c6 2.Nf3 d5 3.e3 Nf6 4.Nc3 e6 5.b3 Nbd7 6.Bb2 Bd6 7.Be2 O-O 8.Qc2 e5
9.d4 Re8 10.cxd5 exd4 11.Nxd4 cxd5 12.O-O a6 13.Rfd1 Ne5 14.h3 Be6 15.Rac1 Rc8
16.Qb1 Bb8 17.Na4 Rxc1 18.Qxc1 Ne4 19.f4 Bxh3 20.gxh3 Qh4 21.Rf1 Qg3+ 22.Kh1 Qxh3+
23.Kg1 Ng4 24.Bxg4 Qxg4+ 25.Kh2 Qg3+ 26.Kh1 Qh3+ 27.Kg1 Ng3 28.Nc3 Nxf1 29.Qxf1 Qxe3+
30.Qf2 Ba7 31.Nce2 Qd3 32.Kh2 Re6 33.f5 Rh6+  0-1

[Event "TOP 16 GpB"]
[Site "Mulhouse FRA"]
[Date "2010.04.30"]
[Round "5"]
[White "Jakovenko,D"]
[Black "Van Wely,L"]
[Result "0-1"]
[WhiteElo "2725"]
[BlackElo "2639"]

1.c4 c6 2.e4 d5 3.cxd5 cxd5 4.exd5 Nf6 5.Nc3 Nxd5 6.Nf3 e6 7.Bc4 Be7 8.O-O O-O
9.d4 Nc6 10.Re1 Nxc3 11.bxc3 b6 12.Bf4 Bb7 13.Re3 Bf6 14.Bd3 Ne7 15.Ne5 Nf5
16.Rh3 g6 17.Qf1 Rc8 18.Ng4 Bg7 19.Rc1 Qd5 20.Rc2 h5 21.Ne3 Nxe3 22.Bxe3 Rfd8
23.Rg3 Qd6 24.Qc1 e5 25.Bg5 Rd7 26.Bh6 Rcd8 27.Bxg7 Kxg7 28.Bf1 exd4 29.Rd3 Qf6
30.Rxd4 Rxd4 31.cxd4 Qxd4 32.Rc7 Rd7 33.Rxd7 Qxd7 34.h3 Qc6 35.Qf4 a5 36.Qe5+ Qf6
37.Qb5 Qd4 38.a3 Bc8 39.Bc4 Qc3 40.Kh2 Bf5 41.f3 Qd4 42.Qb3 Bd7 43.Kh1 a4
44.Qa2 Qc3 45.Kh2 Qe5+ 46.Kh1 Be8 47.Qd2 b5 48.Ba2 Bc6 49.Qb4 Bd5 50.Bxd5 Qxd5
51.Kh2 Kf6 52.h4 Ke6 53.Kh3 Kd7 54.Qb2 Qf5+ 55.Kg3 Kc6 56.Qc3+ Qc5 57.Qb2 Kd5
58.Qa2+ Qc4 59.Qd2+ Kc5 60.Qg5+ Qd5 61.Qc1+ Kb6 62.Qc3 Qc5 63.Qf6+ Kb7 64.Qb2 Qd6+
65.Kh3 Kb6 66.Qf2+ Qc5 67.Qb2 Qc4 68.Kg3 Qc7+ 69.Kh3 Qd7+ 70.Kg3 Qd6+ 71.Kh3 f6
72.Qa2 Ka5 73.Qf7 Qxa3 74.Qa7+ Kb4 75.Qd4+ Kb3 76.Qd3+ Kb2 77.Qe2+ Kb1 78.Qf1+ Ka2
79.Qxb5 Qb3 80.Qe2+ Kb1 81.Qe1+ Kb2 82.Qf2+ Qc2 83.Qb6+ Kc1 84.Qe3+ Kd1 85.Kg3 Qc7+
86.Kf2 Qc4 87.Kg3 Qd5 88.Qg1+ Ke2 89.Qf2+ Kd1 90.Qf1+ Kd2 91.Qf2+ Kd3 92.Qf1+ Kc2
93.Qe2+ Kb3 94.Qe3+ Kc4 95.Qe2+ Qd3 96.Qe6+ Kc5 97.Qc8+ Kb4 98.Qf8+ Kb3 99.Qxf6 a3
100.Qb6+ Kc2 101.Qf2+ Qd2 102.Qc5+ Qc3 103.Qd5 Qe1+ 104.Kh3 Qb4 105.Qe6 Kb2
106.Qe2+ Kc1 107.Qe3+ Kc2 108.Qe2+ Qd2 109.Qc4+ Qc3 110.Qe2+ Kc1 111.Qf1+ Kd2
112.Qf2+ Kd3 113.Qa2 Qb2 114.Qd5+ Ke2 115.Kh2 a2 116.Qc4+ Kf2 117.Qc5+ Kf1
118.Qc4+ Ke1  0-1

[Event "ch-SRB w"]
[Site "Pancevo SRB"]
[Date "2010.04.30"]
[Round "11"]
[White "Benderac,A"]
[Black "Djukic,Sa"]
[Result "1-0"]
[WhiteElo "2299"]
[BlackElo "2214"]

1.c4 c6 2.d4 d5 3.cxd5 cxd5 4.Nc3 Nf6 5.e3 Nc6 6.Bd3 e5 7.dxe5 Nxe5 8.Nge2 Bc5
9.O-O O-O 10.b3 b6 11.Bb2 Bb7 12.Rc1 Qe7 13.Bb1 Rfd8 14.Nb5 Ne4 15.b4 Ba6
16.a4 Bxb5 17.axb5 Bxb4 18.Qd4 f6 19.Ba2 Nc4 20.Nf4 Bc5 21.Nxd5 Bxd4 22.Nxe7+ Kf8
23.Bxd4 Ncd2 24.Nc6  1-0

[Event "ch-CZE"]
[Site "Ostrava CZE"]
[Date "2010.05.01"]
[Round "1"]
[White "Potomak,V"]
[Black "Meduna,E1"]
[Result "0-1"]
[WhiteElo "2232"]
[BlackElo "2443"]

1.c4 c6 2.d4 Nf6 3.Nf3 b5 4.e3 bxc4 5.Bxc4 d5 6.Bd3 e6 7.O-O Be7 8.Nc3 O-O
9.Ne5 Nfd7 10.f4 f5 11.Bd2 Nxe5 12.fxe5 Ba6 13.Qe2 Bxd3 14.Qxd3 c5 15.b3 Nc6
16.Na4 cxd4 17.exd4 Ba3 18.Bc1 Be7 19.Bd2 Qd7 20.Rac1 Rac8 21.Be3 Ba3 22.Nc5 Qe7
23.Rc3 Bb2 24.Qc2 Bxc3 25.Qxc3 f4 26.Bf2 Rf5 27.b4 Rcf8 28.b5 Nd8 29.Qh3 Nb7
30.Qc3 f3 31.Bg3 fxg2 32.Rxf5 Rxf5 33.Kxg2 h5 34.Nxb7 Qxb7 35.a4 Rf8 36.Qd3 Qc7
37.Bf2 Qf7 38.Be1 Qf5 39.Qxf5 exf5 40.Bb4 Rc8 41.Bc5 Rc7 42.h4 Kf7 43.Kf3 Ke6
44.a5 Rb7 45.b6 axb6 46.axb6 Rb8 47.Kf4 g6 48.Kg5 Kf7 49.Kf4 Ke6 50.Kg5 Kd7
51.Kf4 Ra8 52.Kg5 Ra2 53.Bd6 Rb2 54.Bc7 Ke6 55.Kf4 Rb3  0-1

[Event "TOP 16 GpA"]
[Site "France FRA"]
[Date "2010.05.02"]
[Round "7"]
[White "Marzolo,C"]
[Black "Domenech,V"]
[Result "1-0"]
[WhiteElo "2470"]
[BlackElo "2050"]

1.c4 c6 2.e4 d5 3.exd5 cxd5 4.d4 Nc6 5.Nc3 Nf6 6.Bg5 e6 7.Nf3 Be7 8.Bd3 dxc4
9.Bxc4 O-O 10.O-O Nd5 11.Bxd5 exd5 12.Bxe7 Nxe7 13.Ne5 Nf5 14.Qd3 Be6 15.Rfd1 Nd6
16.Qf3 Qa5 17.a3 Rad8 18.b4 Qa6 19.Nd3 b6 20.Nf4 Qb7 21.Nfxd5 Qd7 22.Ne3 Nf5
23.d5 Nh4 24.Qh5  1-0

[Event "ch-CZE"]
[Site "Ostrava CZE"]
[Date "2010.05.04"]
[Round "4"]
[White "Kocur,W"]
[Black "Bartos,J"]
[Result "1/2-1/2"]
[WhiteElo "2139"]
[BlackElo "2201"]

1.c4 c6 2.d4 d5 3.Nc3 Nf6 4.Nf3 e6 5.cxd5 exd5 6.Bf4 Be7 7.h3 Bf5 8.e3 Nbd7
9.Be2 O-O 10.O-O Re8 11.Nh4 Bg6 12.Nxg6 hxg6 13.Qb3 Qb6 14.Qc2 a5 15.Rfd1 Qd8
16.e4 dxe4 17.d5 Bc5 18.dxc6 bxc6 19.Na4 Qe7 20.Nxc5 Qxc5 21.Qxc5 Nxc5 22.Rac1 Ne6
23.Be3 Reb8 24.Rd2 Nd8 25.Bf4 Rb7 26.Bc4 Kf8 27.Re1 Ne6 28.Bxe6 fxe6 29.Rc1 Ra6
30.Bd6+ Ke8 31.Ba3 Nd5 32.Re2 Nf6 33.f3 exf3 34.Rxe6+ Kd7 35.Rd6+ Kc7 36.g4 Rxb2
37.Rdxc6+ Rxc6 38.Rxc6+ Kxc6 39.Bxb2 Kd5 40.Kf2 Ke4 41.a4 Nd5 42.Bxg7 Nb6
43.Bc3 Nxa4 44.Bxa5 Nc5 45.Bd2 Ne6  1/2-1/2

[Event "ch-UKR"]
[Site "Alushta UKR"]
[Date "2010.05.05"]
[Round "3"]
[White "Nikolaev,L"]
[Black "Kovalev,De"]
[Result "0-1"]
[WhiteElo "2334"]
[BlackElo "2460"]

1.c4 c6 2.e4 d5 3.exd5 cxd5 4.cxd5 Nf6 5.Qa4+ Bd7 6.Qb3 Na6 7.Nc3 Nc5 8.Qd1 g6
9.Bc4 Bg7 10.Nge2 O-O 11.a4 e6 12.d4 exd5 13.Nxd5 Nxd5 14.dxc5 Qa5+ 15.Kf1 Rad8
16.Bxd5 Bg4 17.Be3 Qa6 18.Kg1 Bxe2 19.Qb3 Rd7 20.h4 Rfd8 21.Be4 Re8 22.Bd5 Red8
23.Be4 Re8 24.Bd5 Re5 25.c6 Rexd5 26.cxd7 Rxd7 27.Rc1 h5 28.Qb4 Kh7 29.Kh2 Be5+
30.g3 Qf6 31.Bf4 Rd4  0-1

[Event "ch-CZE"]
[Site "Ostrava CZE"]
[Date "2010.05.06"]
[Round "6"]
[White "Meduna,E1"]
[Black "Bures,J"]
[Result "1-0"]
[WhiteElo "2443"]
[BlackElo "2327"]

1.c4 c6 2.e4 d5 3.exd5 cxd5 4.cxd5 Nf6 5.Qa4+ Nbd7 6.Nc3 g6 7.Nf3 Bg7 8.Bc4 O-O
9.d3 Nb6 10.Qb3 Bg4 11.Ng5 Bf5 12.O-O Rc8 13.Bf4 h6 14.Nf3 Nfd7 15.Rad1 Bg4
16.Rfe1 Bxf3 17.gxf3 Kh7 18.Qb4 Re8 19.Bg3 a6 20.Bb3 Nf6 21.d6 e6 22.d4 Rc6
23.d5 exd5 24.Nxd5 Nfxd5 25.Bxd5 Nxd5 26.Rxd5 Rxe1+ 27.Qxe1 Qd7 28.Qe2 Bf6
29.Kg2 b5 30.b3 h5 31.Qe4 Kg7 32.h4 Rc8 33.Rd3 Re8 34.Qd5 Kg8 35.Rd2 Rc8
36.Re2 Rc6 37.a4 bxa4 38.bxa4 Rc8 39.Re4 Kg7 40.Rf4 Qe6 41.Qd3 Rc3 42.Qd2 Qb3  1-0

[Event "40th Bosna Open"]
[Site "Sarajevo BIH"]
[Date "2010.05.09"]
[Round "5"]
[White "Damljanovic,B"]
[Black "Sandipan,C"]
[Result "0-1"]
[WhiteElo "2539"]
[BlackElo "2640"]

1.c4 c6 2.e4 d5 3.exd5 cxd5 4.cxd5 Nf6 5.Nc3 Nxd5 6.Nf3 Nc6 7.Bb5 e6 8.O-O Be7
9.d4 O-O 10.Re1 Bd7 11.a3 Rc8 12.Bd3 Qb6 13.Rb1 Rfd8 14.Nxd5 exd5 15.h3 Bf6
16.Be3 Ne7 17.g4 Ng6 18.Bf1 Qd6 19.Qd2 Re8 20.Rbc1 Rxc1 21.Rxc1 Bd8 22.Bg2 Bc6
23.Qb4 Qxb4 24.axb4 Be7 25.Bd2 Bd6 26.Bf1 f6 27.b5 Bd7 28.Ra1 Bb8 29.Bd3 Kf7
30.Kg2 Nf8 31.Ra3 Ne6 32.Be3 Rh8 33.Nh4 g6 34.Nf3 g5 35.Ng1 h5 36.f3 Ng7
37.Bf2 f5 38.gxf5 Nxf5 39.Bxf5 Bxf5 40.Bg3 Bxg3 41.Kxg3 h4+ 42.Kf2 a6 43.bxa6 bxa6
44.Rxa6 Rb8 45.Ra7+ Kf8 46.Ra5 Rxb2+ 47.Ke3 Be6 48.f4 g4 49.f5 gxh3 50.Nxh3 Bxf5
51.Ng5 h3 52.Rxd5 Bg4 53.Ra5 h2 54.Ra1 Bc8 55.d5 Bb7 56.Ne6+ Ke7 57.Nf4 Kd6
58.Rh1 Rb3+ 59.Kf2 Ke5 60.Ne2 Ba6 61.Ng3 Rb2+ 62.Ke3 Bc4 63.Nf1 Rb1 64.Ng3 Rxh1
65.Nxh1 Bxd5 66.Nf2 Kf5 67.Kd4 Kf4  0-1

[Event "VIII World's Youth Stars"]
[Site "Kirishi RUS"]
[Date "2010.05.10"]
[Round "2"]
[White "Belous,V"]
[Black "Bajarani,U"]
[Result "1-0"]
[WhiteElo "2471"]
[BlackElo "2422"]

1.c4 c6 2.Nf3 d5 3.e3 Nf6 4.d4 e6 5.b3 Nbd7 6.Bb2 b6 7.Bd3 Bb7 8.O-O Bd6
9.Nbd2 O-O 10.Ne5 Qe7 11.f4 c5 12.cxd5 exd5 13.Qf3 cxd4 14.exd4 Bb4 15.Qe2 Bxd2
16.Qxd2 Ne4 17.Bxe4 dxe4 18.Nc4 Rfd8 19.Ba3 Qe6 20.f5 Qc6 21.Ne3 Qf6 22.Ng4 Qh4
23.Rf4 Qg5 24.Raf1 f6 25.Qe2 Qh5 26.Qc4+ Kh8 27.Be7 Re8 28.Qc7 Rxe7 29.Qxb7 Rae8
30.Qa6 e3 31.Qe2 b5 32.h3 Nb6 33.Qxb5 Qf7 34.Re1 h5 35.Nh2 Nd5 36.Rf3 e2
37.Qd3 Re4 38.Rf2 Qe7 39.Nf3 Re3 40.Qc4 Qe4 41.Nd2 Qd3 42.Qxd3 Rxd3 43.Rfxe2 Rxe2
44.Rxe2 Rxd4 45.Nf3 Rd1+ 46.Kh2 Ra1 47.Nh4 Kg8 48.Ng6 Kf7 49.Rd2  1-0

[Event "ch-Commonwealth"]
[Site "Delhi IND"]
[Date "2010.05.11"]
[Round "3"]
[White "Hemant,S2"]
[Black "Negi,P"]
[Result "0-1"]
[WhiteElo "2191"]
[BlackElo "2636"]

1.c4 c6 2.g3 d5 3.cxd5 cxd5 4.b3 e5 5.Bb2 Nc6 6.Nf3 e4 7.Nd4 Qf6 8.e3 Bc5
9.Bb5 Bd7 10.Bxc6 bxc6 11.Na3 Qe7 12.Nac2 Nf6 13.h3 h5 14.b4 Bd6 15.Nb3 h4
16.g4 Nh7 17.Qe2 Ng5 18.O-O-O Bxb4 19.Nxb4 Qxb4 20.Bxg7 Rg8 21.Bc3 Qa3+ 22.Kb1 c5
23.Ka1 Rb8 24.Bb2 Qb4 25.Bc3 Qb6 26.Rb1 Bb5 27.Qd1 Qc7 28.Qc1 Bd3 29.Rb2 Ne6
30.Qd1 Rg6 31.Nc1 Rxb2 32.Bxb2 Bc4 33.d3 Bb5 34.dxe4 dxe4 35.Qd5 Rg5 36.Qa8+ Qd8
37.Qxe4 Qd5 38.Qxd5 Rxd5 39.Bc3 Ng5 40.e4 Rd6 41.Be5 Re6 42.f4 Nf3 43.Bb8 Rxe4
44.Bxa7 c4 45.f5 c3 46.Bb6 Ne1 47.Ba5 Nc2+ 48.Kb1 Na3+ 49.Ka1 Re3 50.g5 Nc2+
51.Kb1 Na3+ 52.Ka1 Bc6 53.Rd1 Nc2+ 54.Kb1 Na3+ 55.Ka1 Be4 56.f6 Nc2+ 57.Kb1 Na3+
58.Ka1 Nc2+ 59.Kb1 Nd4+ 60.Ka1 Re1 61.Rxe1 Nc2+ 62.Kb1 Nxe1+ 63.Ka1 Nc2+
64.Kb1 Nd4+ 65.Ka1 c2 66.Be1 Nf3 67.Bf2 Bf5 68.Kb2 Bxh3 69.Nd3 Bf5 70.Ne1 Nxe1
71.Bxe1 h3 72.Bg3 Kd7 73.a4 Ke6 74.a5 Be4 75.g6 Bxg6 76.a6 Be4 77.a7 Kxf6
78.a8=Q Bxa8 79.Kxc2 Kf5  0-1

[Event "40th Bosna Open"]
[Site "Sarajevo BIH"]
[Date "2010.05.12"]
[Round "8"]
[White "Damljanovic,B"]
[Black "Predojevic,B"]
[Result "0-1"]
[WhiteElo "2539"]
[BlackElo "2628"]

1.c4 c6 2.e4 d5 3.exd5 cxd5 4.cxd5 Nf6 5.Nc3 Nxd5 6.Nf3 e6 7.Bc4 Nb6 8.Bb3 Nc6
9.d4 Be7 10.O-O O-O 11.a3 Bf6 12.Be3 Bd7 13.Qd3 Ne7 14.Rfd1 Bc6 15.Ng5 Ng6
16.h4 Re8 17.g3 Nd5 18.Nce4 Bxg5 19.Bxg5 f6 20.Bd2 f5 21.Ng5 h6 22.Nf3 Nf6
23.Qxf5 Be4 24.Bxe6+ Kh8 25.Qh3 Bxf3 26.Re1 Bd5 27.Bf5 Ne7 28.Bd3 Nc6 29.Bc3 Qd7
30.Bf5 Qf7 31.g4 Ne4 32.Qh2 Nxc3 33.bxc3 g6 34.c4 Nxd4 35.Rxe8+ Rxe8 36.Qd6 Nf3+
37.Kh1 Bc6  0-1

[Event "FIDE GP"]
[Site "Astrakhan RUS"]
[Date "2010.05.13"]
[Round "4"]
[White "Ivanchuk,V"]
[Black "Inarkiev,E"]
[Result "0-1"]
[WhiteElo "2741"]
[BlackElo "2669"]

1.c4 c6 2.e4 d5 3.exd5 cxd5 4.d4 Nf6 5.Nc3 Nc6 6.Bf4 dxc4 7.Bxc4 e6 8.Nf3 Bd6
9.Ne5 Bxe5 10.dxe5 Qxd1+ 11.Rxd1 Nd7 12.Bb5 O-O 13.Bxc6 bxc6 14.Ne4 c5 15.f3 c4
16.Kf2 Nb6 17.Rd2 Ba6 18.Rc1 Nd5 19.Be3 Rfc8 20.a3 h6 21.g3 Rc7 22.Bd4 Rd8
23.h4 Nb6 24.Bxb6 Rxd2+ 25.Nxd2 axb6 26.Ne4 Bb7 27.Nd6 Bd5 28.Ke3 f6 29.f4 fxe5
30.fxe5 Kh7 31.Rc3 Kg6 32.g4 h5 33.g5 Rc5 34.Kf4 Kh7 35.Rc1 Kg6 36.Rc2 Kh7
37.Ke3 Bh1 38.Kd4 Rd5+ 39.Kc3 Rd3+ 40.Kxc4 Rh3 41.Kb5 Rxh4 42.Kxb6 Kg6 43.Rc7 Rf4
44.b4 h4 45.Rc8 Bf3  0-1

[Event "Open ch-State"]
[Site "Stuttgart GER"]
[Date "2010.05.14"]
[Round "3"]
[White "Melzner,L"]
[Black "Dobosz,H"]
[Result "1/2-1/2"]
[WhiteElo "2122"]
[BlackElo "2395"]

1.c4 c6 2.Nf3 Nf6 3.g3 d5 4.b3 dxc4 5.bxc4 e5 6.Bg2 Bd6 7.Bb2 Nbd7 8.O-O O-O
9.Qc2 Re8 10.Nc3 Nc5 11.d4 exd4 12.Nxd4 Be5 13.Nb3 Bxc3 14.Bxc3 Na4 15.Rad1 Qe7
16.Nd4 Nxc3 17.Qxc3 Ne4 18.Bxe4 Qxe4 19.f3 Qe5 20.e4 Bh3 21.Rf2 Rad8 22.Rfd2 f5
23.exf5 Bxf5 24.Kg2 Bc8 25.Ne2 Rxd2 26.Rxd2 Qxc3 27.Nxc3 Be6 28.c5 h6 29.Kf2 Kf7
30.Ne4 Ke7 31.a4 b6 32.Rb2 Rb8 33.Nd6 Kd7 34.a5 b5 35.Rb4 Rf8 36.a6 Bd5 37.f4 Rf6
38.Rd4 Re6 39.Nxb5 cxb5 40.Rxd5+ Kc7 41.Re5 Rxa6 42.Re7+ Kc6 43.Re6+ Kb7
44.Re7+ Kc6 45.Re6+ Kb7  1/2-1/2

[Event "DPMM Ind"]
[Site "Halle GER"]
[Date "2010.05.15"]
[Round "2"]
[White "Strache,M"]
[Black "Eichner,S"]
[Result "1-0"]
[WhiteElo "2264"]
[BlackElo "2328"]

1.c4 c6 2.Nf3 d5 3.b3 d4 4.e3 c5 5.exd4 cxd4 6.d3 Nc6 7.g3 e5 8.Bg2 Bd6 9.O-O Nge7
10.Ba3 O-O 11.Re1 Ng6 12.Bxd6 Qxd6 13.a3 f5 14.Nbd2 e4 15.dxe4 f4 16.e5 Ngxe5
17.Nxe5 Nxe5 18.c5 Qxc5 19.Ne4 Qb6 20.Ng5 Bg4 21.Qb1 Bf5 22.Qc1 Rac8 23.Qd2 f3
24.Bf1 Rc2 25.Qf4 d3 26.Re3 Rxf2 27.Qxe5 Re2 28.Bxe2 f2+ 29.Kg2 dxe2 30.Rxe2 Qc6+
31.Ne4 Bg6 32.Qd4 Re8 33.Qc4+ Qxc4 34.bxc4 Bxe4+ 35.Kxf2 Rf8+ 36.Ke3 Bc6
37.Rf2 Re8+ 38.Kd4 g6 39.Raa2 Kg7 40.Rae2 Rd8+ 41.Kc3 Rd7 42.Kb4 Rc7 43.a4 a6
44.Re6 Kg8 45.a5 Bh1 46.h4 Kg7 47.g4 Kh6 48.Rff6 Rg7 49.Re1 Bg2 50.Re2 Bh1
51.Ref2 Rd7 52.Rf7 Rd4 53.R2f4 Rxf4 54.Rxf4 Kg7 55.Kc5 h6 56.g5 hxg5 57.hxg5 Bg2
58.Kd6 Bh3 59.Ke7 Bf5 60.c5  1-0

[Event "TCh-UKR Clubs"]
[Site "Alushta UKR"]
[Date "2010.05.17"]
[Round "7"]
[White "Khachatryan,V2"]
[Black "Romashko,Andrei"]
[Result "1-0"]
[WhiteElo "2224"]
[BlackElo "2328"]

1.c4 c6 2.e4 d5 3.exd5 cxd5 4.d4 Nc6 5.cxd5 Qxd5 6.Nf3 Bg4 7.Be2 O-O-O 8.Nc3 Qh5
9.O-O e5 10.h3 Nf6 11.d5 Be6 12.Nd4 Qh4 13.Nxc6 bxc6 14.Qb3 Nxd5 15.Ba6+ Kd7
16.Qb7+ Nc7 17.Rd1+ Bd6 18.Bb5 cxb5 19.Nxb5 Ke7 20.Nxd6 Rd7 21.b3 Nd5 22.Qxd5 Qb4
23.Qxe5 Rxd6 24.Rxd6 Qxd6 25.Qxg7 Rc8 26.Bg5+ Kd7 27.Qxh7 Rc5 28.Be3 Rf5
29.Rc1 Qd5 30.Qg8 Ke7 31.Qh8 Bd7 32.Bc5+ Ke6 33.Re1+ Re5 34.Qxe5+ Qxe5 35.Rxe5+ Kxe5
36.Bxa7  1-0

[Event "Chladek & Tintera Open"]
[Site "Hradec Kralove CZE"]
[Date "2010.05.17"]
[Round "3"]
[White "Pisk,P"]
[Black "Snorek,M"]
[Result "1-0"]
[WhiteElo "2333"]
[BlackElo "2107"]

1.c4 c6 2.e4 d5 3.exd5 cxd5 4.d4 Nf6 5.Nc3 e6 6.Nf3 Be7 7.cxd5 Nxd5 8.Bd3 O-O
9.O-O Nd7 10.Re1 Re8 11.a3 a6 12.Nxd5 exd5 13.Bf4 Nf8 14.Qb3 Ne6 15.Be5 b5
16.Rac1 Bb7 17.Bf5 Bd6 18.Bxd6 Qxd6 19.Bxe6 Rxe6 20.Rxe6 Qxe6 21.Rc5 g5 22.h3 h6
23.Rc7 Bc6 24.Qc3 Rc8 25.Qa5 Rxc7 26.Qxc7 Be8 27.Ne5 Kg7 28.Qc3 Qd6 29.Kf1 f6
30.Nf3 Bg6 31.Qc5 Bd3+ 32.Kg1 Qe6 33.Qc1 h5 34.Qd2 Be4 35.Nh2 Qc6 36.Nf1 Qc2
37.Qxc2 Bxc2 38.Ne3 Bb3 39.h4 Kg6 40.g3 gxh4 41.gxh4 f5 42.f4 Kf6 43.Kf2 Bc4
44.Ke1 Ke6 45.Kd2 a5 46.Kc3 Be2 47.Kd2 Bc4 48.Nd1 Kd6 49.Nf2 Bf1 50.Nd1 Ke6
51.b3 b4 52.axb4 axb4 53.Ne3 Ba6 54.Nc2 Kd6 55.Nxb4 Bf1 56.Kc3 Bb5 57.Nc2  1-0

[Event "ch-HUN w"]
[Site "Nagykanizsa HUN"]
[Date "2010.05.17"]
[Round "4"]
[White "Goczo,M"]
[Black "Papp,P"]
[Result "1-0"]
[WhiteElo "2234"]
[BlackElo "2270"]

1.c4 c6 2.Nf3 d5 3.e3 Nf6 4.b3 Bg4 5.Bb2 e6 6.Be2 Nbd7 7.cxd5 exd5 8.O-O Bd6
9.d3 O-O 10.Nbd2 Qe7 11.Re1 Ba3 12.Qc1 Bxb2 13.Qxb2 Rfe8 14.b4 h6 15.d4 a6
16.a4 Ne4 17.Nxe4 dxe4 18.Nd2 Bxe2 19.Rxe2 Nb6 20.Ree1 Nd5 21.Rab1 f5 22.Qb3 Qf7
23.Nc4 Re7 24.Ne5 Qe6 25.b5 cxb5 26.axb5 axb5 27.Ng6 Ree8 28.Rec1 b4 29.Ra1 Rxa1
30.Rxa1 Nc7 31.Qxe6+ Rxe6 32.Ne5 Nd5 33.h4 b3 34.Rb1 Rb6 35.Rb2 Rb4 36.Nd7 b6
37.Nb8 Nc3 38.Na6 Rb5 39.Nc7 Ra5 40.Rxb3 Na4 41.d5 Rc5 42.d6 Rc1+ 43.Kh2 Rd1
44.Rb4 Nc5 45.Rxb6 Nd7 46.Ra6 Kf7 47.Nb5 Rd5 48.Nd4 Kf6 49.g3 g6 50.Kg2 Nc5
51.Ra5 Ke5 52.Rxc5 Rxc5 53.d7 Rd5 54.d8=Q Rxd8 55.Nc6+ Kd6 56.Nxd8 Kd7 57.Nf7  1-0

[Event "TCh-UKR Clubs"]
[Site "Alushta UKR"]
[Date "2010.05.18"]
[Round "9"]
[White "Kusnetsov,Sergey"]
[Black "Sitnikov,A"]
[Result "0-1"]
[WhiteElo "2347"]
[BlackElo "2480"]

1.c4 c6 2.Nf3 d5 3.g3 Nf6 4.Bg2 dxc4 5.O-O Nbd7 6.a4 Qa5 7.Qc2 Nb6 8.Qc3 Qa6
9.Ne5 Nfd5 10.Bxd5 cxd5 11.a5 Nd7 12.Na3 Nxe5 13.Qxe5 Qc6 14.b4 f6 15.Qc3 Bh3
16.b5 Qd7 17.Re1 e5 18.d3 Bc5 19.dxc4 Bd4 20.Qb4 Qf5 21.Bf4 Qe4  0-1

[Event "46th Capablanca Memorial Open A"]
[Site "Havana CUB"]
[Date "2010.05.18"]
[Round "7.24"]
[White "Oms Pallisse,J"]
[Black "Miranda Llanes,Y"]
[Result "1-0"]
[WhiteElo "2501"]
[BlackElo "2226"]

1.c4 c6 2.Nf3 d5 3.e3 Nf6 4.Nc3 a6 5.Qc2 Bg4 6.Ne5 d4 7.Nxg4 Nxg4 8.Ne4 e5
9.Be2 Nf6 10.O-O Nbd7 11.b4 a5 12.Nxf6+ Qxf6 13.Bb2 Bxb4 14.exd4 exd4 15.Qe4+ Qe5
16.Qxe5+ Nxe5 17.Bxd4 f6 18.Be3 Bd6 19.Rab1 O-O-O 20.d4 Nf7 21.d5 cxd5 22.Bg4+ Kb8
23.Be6 Ne5 24.Bxd5 Rd7 25.g3 Bb4 26.Bb6 Rd6 27.Be3 Rd7 28.Rfc1 Re8 29.Rb3 Ng4
30.Bb6 Rd6 31.Bd4 b5 32.Bc3 bxc4 33.Bxc4 Rb6 34.Rcb1  1-0

[Event "Chladek & Tintera Open"]
[Site "Hradec Kralove CZE"]
[Date "2010.05.21"]
[Round "8"]
[White "Jedlicka,A"]
[Black "Bartos,J"]
[Result "1/2-1/2"]
[WhiteElo "2293"]
[BlackElo "2201"]

1.c4 c6 2.e4 d5 3.exd5 cxd5 4.d4 Nf6 5.Nc3 e6 6.Nf3 Bb4 7.cxd5 Nxd5 8.Bd2 O-O
9.Bd3 Nc6 10.O-O Be7 11.Qe2 Nf6 12.Be3 b6 13.a3 Bb7 14.Rad1 Rc8 15.Bg5 Nd5
16.Qe4 g6 17.Qh4 Nxd4 18.Qxd4 Bxg5 19.Nxg5 Qxg5 20.Ne4 Qe7 21.Qe5 f6 22.Qd6 Rcd8
23.Qxe7 Nxe7 24.Rfe1 Kf7 25.g3 Nf5 26.f4 Rd7 27.Nc3 Nd4 28.Kf2 Rfd8 29.Bc4 Rd6
30.Ne4 Rc6 31.Bd3 Ke7 32.Nc3 Nb3 33.Be4 Rxd1 34.Nxd1 Rc7 35.Bb1 Rd7 36.Nc3 Rd2+
37.Re2 Rxe2+ 38.Kxe2 Bc6 39.Ke3 Kd6 40.g4 e5 41.h4 Na5 42.Bd3 exf4+ 43.Kxf4 Ke6
44.b4 Nb7 45.Bc4+ Ke7 46.g5 Nd6 47.Bg8 Kf8 48.Ba2 Kg7 49.Ne2 h6 50.Nd4 Bd7
51.Be6 hxg5+ 52.hxg5 fxg5+ 53.Kxg5 Bxe6 54.Nxe6+ Kf7 55.Nd8+ Ke8 56.Nc6 a6  1/2-1/2

[Event "34th Open"]
[Site "Fourmies FRA"]
[Date "2010.05.22"]
[Round "1"]
[White "Wirig,A"]
[Black "Chion,A"]
[Result "1-0"]
[WhiteElo "2491"]
[BlackElo "1906"]

1.c4 c6 2.d4 d5 3.Nf3 Nf6 4.Qc2 a6 5.Bf4 b5 6.cxd5 cxd5 7.a4 b4 8.e3 Bb7
9.Nbd2 Nc6 10.Nb3 Nd7 11.Bd3 Rc8 12.Qe2 a5 13.Ng5 g6 14.Qf3 Nf6 15.Nc5 Ba8
16.Qh3  1-0

[Event "ch-Moscow Final"]
[Site "Moscow RUS"]
[Date "2010.05.23"]
[Round "1"]
[White "Novikov,St1"]
[Black "Grigoriants,S RUS"]
[Result "1/2-1/2"]
[WhiteElo "2558"]
[BlackElo "2568"]

1.c4 c6 2.b3 d5 3.Bb2 Nf6 4.d3 d4 5.Nf3 e5 6.g3 Bd6 7.Bg2 Bg4 8.Nbd2 Nbd7
9.Qc2 a5 10.e3 dxe3 11.fxe3 O-O 12.O-O Re8 13.Rae1 e4 14.dxe4 Bxf3 15.Nxf3 Qe7
16.Nh4 g6 17.c5 Bc7 18.Rd1 Rad8 19.Rd2 Nxe4 20.Bxe4 Qxe4 21.Qxe4 Rxe4 22.Rfd1 Re7
23.Nf3 h6 24.g4 Kf8 25.g5 hxg5 26.Nxg5 Ke8 27.Bd4 f6 28.Nf3 Ne5 29.Bxe5 Rxd2
30.Rxd2 Bxe5 31.Kf2 Bc7 32.Rd4 Rh7 33.h4 Rh5 34.Rc4 Ke7 35.a3 Kd7 36.b4 axb4
37.axb4 Ke7 38.Re4+ Kd7 39.Rc4 Ke7  1/2-1/2

[Event "ch-Moscow Final"]
[Site "Moscow RUS"]
[Date "2010.05.25"]
[Round "3"]
[White "Novikov,St1"]
[Black "Chadaev,N"]
[Result "1/2-1/2"]
[WhiteElo "2558"]
[BlackElo "2565"]

1.c4 c6 2.e4 d5 3.exd5 cxd5 4.cxd5 Nf6 5.Nc3 Nxd5 6.Nf3 Nc6 7.d4 Bg4 8.Qb3 Bxf3
9.gxf3 e6 10.Qxb7 Nxd4 11.Bb5+ Nxb5 12.Qxb5+ Qd7 13.Qxd7+ Kxd7 14.Nxd5 exd5
15.Be3 Bb4+ 16.Ke2 Rhc8 17.Rhc1 a5 18.Kd3 Be7 19.Rxc8 Rxc8 20.Bd2 Bb4 21.Rc1 Rb8
22.Be3 Be7 23.b3 a4 24.bxa4 Ra8 25.Rb1 Kc6 26.Rc1+ Kd7 27.Bb6 Rxa4 28.Rc7+ Ke6
29.Ra7 Rxa7 30.Bxa7 Ba3 31.h3 Kd7 32.Bd4 g6 33.Kc3 Kc6 34.Kb3 Bd6 35.a4 Bc7
36.Kb4 Bd6+ 37.Kc3 Bc7 38.Kd3 Ba5 39.Be3 Bd8 40.Kc3 Bf6+ 41.Kd3 Bd8 42.Ba7 Ba5
43.Bd4 Bc7 44.Ke3 f5 45.Kd3 Ba5 46.Ba7 Bd8 47.Be3 Ba5 48.Kd4 Bc7 49.f4 Kd6
50.f3 Ba5 51.Bc1 Bb4 52.Be3 Bc5+ 53.Kd3 Bxe3 54.Kxe3 Kc5 55.h4 Kc4 56.a5 Kc3
57.a6 d4+ 58.Ke2 Kc2 59.a7 d3+ 60.Ke3 d2 61.a8=Q d1=Q 62.Qc6+ Kb2 63.Qb7+ Kc1
64.Kf2 Qd2+ 65.Kg3 Qe1+ 66.Kg2 Qxh4 67.Qc6+ Kb2 68.Qb5+ Kc3 69.Qc5+ Kb3 70.Qb5+ Kc3
71.Qc5+ Kb3  1/2-1/2